Online Catalogue and eLibrary

Sexuality in ancient India : (Record no. 2171)

MARC details
000 -LEADER
fixed length control field 00253nam a2200097Ia 4500
008 - FIXED-LENGTH DATA ELEMENTS--GENERAL INFORMATION
fixed length control field 240331s9999 xx 000 0 und d
082 ## - DDC Classification
Item Number - Author Mark PER
100 ## - MAIN ENTRY--PERSONAL NAME
Personal name Perera, L.P.N
245 #0 - TITLE STATEMENT
Title Sexuality in ancient India :
Remainder of title astudy based on the Vinayapitaka
942 ## - Koha item type (Biblio)
Koha item type Books in Stacks (Lending)

No items available.

© WERC Library